Регионална библиотека "Любен Каравелов" - Русе

Старопланински легенди (Запис номер 17571)

MARC детайли
000 -Лидер
Контролно поле с фиксирана дължина 01160nam a2200313 c 4500
003 - Код на организацията, давaща контролен номер
Контролно поле BLK
005 - Дата и час на последна редакция
Контролно поле 20241025005437.0
008 - Елементи от данни с фиксирана дължина
fixed length control field 180413b bul|||||r ||||||| ||bul||
010 ## - Наследен системен номер
LC control number KNG00019526000
020 ## - Международен стандартен номер на книга ISBN
Международен стандартен номер на книга ISBN 954-571-096-9
040 ## - Източник на каталожния запис
Идентификатор на билиотеката - собственик на записа BLK
041 ## - Код за език
Код за езика на текст/звукозапис или на отделно заглавие Корейски
Код за езика КДБФ Други
080 ## - УДК
Текстов определител УДК Българска литература
УДК код - определител по УДК 821.163.2
УДК определител -32
УДК - код + определител 821.163.2-32
100 ## - Редна дума - Автор
Автор Йовков, Йордан Стефанов
Дати, свързани с автора 1880-1937
Автор - информация (биография) Писател класик - белетрист, драматург, майстор на късия разказ
R(LIN) 363298
139 ## - Редно поле
Редна дума Йовков, Йордан Стефанов
Авторски знак Иовк - И 77
245 10 - Сведения за заглавието
Заглавие Старопланински легенди
Подзаглавни данни [Разкази]
Редно поле (дума) Йордан Стефанов Йовков.
257 ## - Страна на издаване
Страна на създаване/издаване България
260 ## - Област на издателските данни
Име на издателя, разпространителя и проч. Сребърен лъв
Година на издаване 1997
300 ## - Физическа характеристика
Страници 192 с.
Илюстрации и др. с портр., ил., факс.
Размери/Мащаб 20 см
380 ## - Жанр
Жанр Худож. лит.
500 ## - Общи забележки
Забележка 500 тир.
852 ## - Местоположение
Форматна сигнатура Цб 194945
856 4# - Електронен адрес и достъп
Електронен формат pdf - файл
Път до файла /url/
856 4# - Електронен адрес и достъп
Електронен формат pdf - файл
Път до файла /url/
942 ## - АРТИКУЛИ
Вид на библиотечния материал Книги
Скрит в OPAC Не
944 ## - СЪЗДАВАНЕ И РЕДАКЦИЯ на ЗАПИСА
Създаване/Редакция Създаване
Дата на регистрацията/редакция 15.01.2003
Статус, дата на статуса CRON CRON
Служител, извършил регистрацията/редакцията
944 ## - СЪЗДАВАНЕ И РЕДАКЦИЯ на ЗАПИСА
Създаване/Редакция Редакция
Дата на регистрацията/редакция 21.12.2016
Служител, извършил регистрацията/редакцията Даниел_Димитров
999 ## - СИСТЕМНИ КОНТРОЛНИ НОМЕРА
Koha biblionumber 17571
Koha biblioitemnumber 17571
999 ## - СИСТЕМНИ КОНТРОЛНИ НОМЕРА
Koha biblioitemnumber 17571
Наличности
Код за отписване Код за изгубен артикул Източник на класификационната схема Код за повреда Коз за рестрикции Код за отдаване Артикулен № Име на библиотеката - собственик Име на библиотеката, в която се намира в момента Статус (Текущо местоположение) Дата на вписване в системата Местоположение - отдел Цена в лева Инвентарен номер Систематично азбучна сигнатура Баркод Номер на екземпляра Цена в евро Служебен тип на артикула
  Не е изгубен Universal Decimal Classification Не е повреден без рестрикции ползва се в читалня 29620 Регионална библиотека "Любен Каравелов" Русе Регионална библиотека "Любен Каравелов" Русе Хранилище 2001-01-01 Хранилище 0.00 637056 Цб 194945 120000637056 1 0.00 Книги
Vip Innovations Ltd, Rousse, Bulgaria 2025